000 00545nam a2200169 i 4500
001 95763
003 ES-MaACL
005 20230906181752.0
007 t|
008 050603s1953 sp ||||1| spa d
100 1 _aLluís y Navas, Jaime.
_972976
245 1 4 _aLas cuestiones legales sobre la amonedación peninsular en la Edad Antigua /
_cJaime Lluís y Navas.
260 _aMadrid,
_c1953 (
_fFábrica Nacional de Moneda y Timbre)
300 _a98 p. ;
_c21 cm.
650 0 4 _aMonedas antiguas-
_zEspaña.
_915162
852 _aES-MaACL
_j1960-F-9
999 _c95763
_d95763